[Event "Konakovo Rating 8th"]
[Site "Konakovo"]
[Date "2013.07.17"]
[Round "7"]
[White "Bordilovsky, Alex"]
[Black "Milutin, Lev"]
[Result "1-0"]
[WhiteElo "2049"]
[BlackElo "1937"]
[PlyCount "79"]
[EventDate "2013.07.06"]
[EventType "tourn"]
[EventRounds "11"]
[EventCountry "RUS"]
[SourceTitle "EXT 2014"]
[Source "ChessBase"]
[SourceDate "2013.11.20"]
[SourceVersion "1"]
[SourceVersionDate "2013.11.20"]
[SourceQuality "1"]

1. e4 e5 2. Nf3 Nf6 3. Nxe5 d6 4. Nf3 Nxe4 5. d4 d5 6. Bd3 Nf6 7. 0-0 Be7 8. h3 0-0 9. Bg5 Be6 10. Re1 Nc6 11. c3 a6 12. Nbd2 b5 13. b4 Na7 14. Qe2 Re8 15. a4 c6 16. Ne5 h6 17. Bh4 Nh7 18. Bxe7 Qxe7 19. axb5 axb5 20. Nb3 Qg5 21. Qe3 Qd8 22. Rxa7 Rxa7 23. Nxc6 Qc7 24. Nxa7 Qxa7 25. Bxb5 Bd7 26. Qxe8+ Bxe8 27. Rxe8+ Nf8 28. Nc5 Qb6 29. Ba4 Qa7 30. Bb5 Qb6 31. Rxf8+ Kh7 32. Bd3+ g6 33. Rxf7+ Kg8 34. Rd7 Qc6 35. b5 Qb6 36. Rxd5 Qa5 37. Rd6 Qxc3 38. b6 Qc1+ 39. Bf1 Qf4 40. Rd8+ 1-0

[Event "Konakovo Rating 8th"]
[Site "Konakovo"]
[Date "2013.07.15"]
[Round "3"]
[White "Bordilovsky, Alex"]
[Black "Dyachkov, Oleg"]
[Result "1/2-1/2"]
[WhiteElo "2049"]
[BlackElo "1800"]
[PlyCount "36"]
[EventDate "2013.07.06"]
[EventType "tourn"]
[EventRounds "11"]
[EventCountry "RUS"]
[SourceTitle "EXT 2014"]
[Source "ChessBase"]
[SourceDate "2013.11.20"]
[SourceVersion "1"]
[SourceVersionDate "2013.11.20"]
[SourceQuality "1"]

1. d4 Nf6 2. c4 g6 3. Nc3 Bg7 4. e4 d6 5. Nf3 0-0 6. Be2 e5 7. dxe5 dxe5 8. Qxd8 Rxd8 9. Bg5 Re8 10. Nd5 Nxd5 11. cxd5 c6 12. Bc4 cxd5 13. Bxd5 Nd7 14. Nd2 Nc5 15. 0-0-0 Ne6 16. Be3 Nf4 17. Bxf4 exf4 18. f3 Be6 1/2-1/2